[Event "FRA-ch op-B"]
[Site "Nimes"]
[Date "2009.08.22"]
[Round "11"]
[White "Youssoupov, Moisse"]
[Black "Heuveline, Gregory"]
[Result "1/2-1/2"]
[WhiteElo "1911"]
[BlackElo "1987"]
[PlyCount "107"]
[EventDate "2009.08.11"]
[EventType "swiss"]
[EventRounds "11"]
[EventCountry "FRA"]
[SourceTitle "EXT 2011"]
[Source "ChessBase"]
[SourceDate "2010.11.26"]
[SourceVersion "1"]
[SourceVersionDate "2010.11.26"]
[SourceQuality "1"]

1. d4 d5 2. Nf3 c6 3. c4 Nf6 4. Bf4 e6 5. e3 Be7 6. h3 Nbd7 7. Nc3 Qa5 8. Nd2 a6 9. c5 b5 10. a3 Qd8 11. b4 a5 12. Nb3 a4 13. Na5 Rxa5 14. bxa5 Qxa5 15. Qd2 Nh5 16. Bh2 g6 17. Na2 Qa8 18. Rc1 f5 19. Bd3 Nhf6 20. f3 e5 21. Nb4 e4 22. Bb1 Nf8 23. fxe4 fxe4 24. 0-0 Ne6 25. Rf2 Bd7 26. Rcf1 0-0 27. Be5 Qd8 28. Bc2 h5 29. Bd1 Ng7 30. Qa2 Kh7 31. g4 h4 32. g5 Nfh5 33. Rxf8 Bxf8 34. Bxh5 Nxh5 35. Kh2 Bg7 36. Bxg7 Nxg7 37. Qf2 Qc7+ 38. Kg2 Nf5 39. Rg1 Qg3+ 40. Qxg3 Nxg3 41. Na6 Kg7 42. Nb8 Be8 43. Kf2 Nf5 44. Rg4 Kf7 45. Rf4 Ke6 46. Na6 Ke7 47. Nb4 Bd7 48. Ke2 Ke6 49. Kd2 Ke7 50. Nc2 Kd8 51. Ne1 b4 52. axb4 Bc8 53. Nc2 Ba6 54. Na3 1/2-1/2